| 000 | 01116cam a22003134a 4500 | ||
|---|---|---|---|
| 999 |
_c294 _d294 |
||
| 001 | 2630449 | ||
| 003 | OSt | ||
| 005 | 20210225105003.0 | ||
| 008 | 990316s1999 paua b 001 0 eng c | ||
| 010 | _a 99025481 | ||
| 020 | _a0683302647 (pbk.) | ||
| 035 | _a(DLC) 99025481 | ||
| 040 |
_aDNLM/DLC _cDLC _dDLC |
||
| 042 | _apcc | ||
| 050 | 0 | 0 |
_aQM25 _b.A38 1999 |
| 060 | 1 | 0 |
_aQS 17 _bA284g 1999 |
| 082 | 0 | 0 |
_aQS 17 A96g 1999 _221 |
| 100 | 1 |
_aAgur, A. M. R.; Lee, Ming J.; Grant, J. C. Boileau _9782 |
|
| 245 | 1 | 0 | _aGrant's Atlas of Anatomy. |
| 250 | _a10th ed. | ||
| 260 |
_aPhiladelphia : _bLippincott Williams & Wilkins, _cc1999. |
||
| 300 |
_axvi, 760 p. : _bcol. ill. ; _c28 cm. |
||
| 504 | _aIncludes bibliographical references and index. | ||
| 650 | 0 |
_aAnatomy atlas _9151 |
|
| 906 |
_a7 _bcbc _cpccadap _d1 _eocip _f19 _gy-gencatlg |
||
| 942 |
_2z _cB_BANK |
||